<?xml version="1.0" encoding="UTF-8"?>
<record
    xmlns:xsi="http://www.w3.org/2001/XMLSchema-instance"
    xsi:schemaLocation="http://www.loc.gov/MARC21/slim http://www.loc.gov/standards/marcxml/schema/MARC21slim.xsd"
    xmlns="http://www.loc.gov/MARC21/slim">

  <leader>03085nam a22003617a 4500</leader>
  <controlfield tag="003">BI-BuBU</controlfield>
  <controlfield tag="008">160721b2016    bd ||||fr|||| 000 0 fre d</controlfield>
  <datafield tag="037" ind1=" " ind2=" ">
    <subfield code="b">Don de l'auteur</subfield>
  </datafield>
  <datafield tag="039" ind1=" " ind2=" ">
    <subfield code="a">20160721111829.0</subfield>
    <subfield code="b">Anesie Nizigiyimana</subfield>
  </datafield>
  <datafield tag="040" ind1=" " ind2="0">
    <subfield code="a">BI-BuBU</subfield>
    <subfield code="b">fre</subfield>
    <subfield code="c">BI-BuBU</subfield>
    <subfield code="d">BI-BuBU</subfield>
  </datafield>
  <datafield tag="041" ind1=" " ind2="0">
    <subfield code="a">fre</subfield>
  </datafield>
  <datafield tag="080" ind1=" " ind2=" ">
    <subfield code="a">621.573.</subfield>
  </datafield>
  <datafield tag="100" ind1="1" ind2=" ">
    <subfield code="4">aut.</subfield>
    <subfield code="a">Ndayikeza, Odrine</subfield>
  </datafield>
  <datafield tag="245" ind1="1" ind2="4">
    <subfield code="a">Les potentialit&#xE9;s d'emploi de l'eau comme fluide frigorig&#xE8;ne dans la climatisation en ville de Bujumbura contribuant &#xE0; la protection de la couche d'ozone</subfield>
    <subfield code="b">cas du restaurant d'un motel sis au quartier Kinindo-Ouest parcelle n&#xB0;4802</subfield>
    <subfield code="c">par Odrine Ndayikeza ; Dr. Fid&#xE8;le Rurihose, directeur</subfield>
  </datafield>
  <datafield tag="260" ind1=" " ind2=" ">
    <subfield code="a">Bujumbura</subfield>
    <subfield code="b">Facult&#xE9; des Sciences Appliqu&#xE9;es, D&#xE9;partement de G&#xE9;nie Electrom&#xE9;canique</subfield>
    <subfield code="c">2016</subfield>
  </datafield>
  <datafield tag="300" ind1=" " ind2=" ">
    <subfield code="a">X-38 f.</subfield>
    <subfield code="c">30 cm.</subfield>
  </datafield>
  <datafield tag="500" ind1=" " ind2=" ">
    <subfield code="3">Projet de fin d'&#xE9;tudes pr&#xE9;sent&#xE9; et d&#xE9;fendu publiquement en vue de l'obtention du grade d'Ing&#xE9;nieur Civil en G&#xE9;nie Electrom&#xE9;canique</subfield>
  </datafield>
  <datafield tag="520" ind1=" " ind2=" ">
    <subfield code="a">R&#xE9;sum&#xE9;
     
La couche d'Ozone rend possible la vie sur terre en absorbant une partie des rayonnements UV. Cette couche avait &#xE9;t&#xE9; r&#xE9;duite de moiti&#xE9; en 2011 par l'activit&#xE9; humaine et en majeur partie par certains fluides frigorig&#xE8;nes employ&#xE9;s dans la production du froid.

Vu les probl&#xE9;matiques que posent ces fluides sur la couche d'Ozone, nous avons &#xE9;t&#xE9; int&#xE9;ress&#xE9;s par une solution de rechange qui n'emploie pas les fluides frigorig&#xE8;nes couramment employ&#xE9;s. C'est dans ce contexte que notre travail porte sur la climatisation par humidification adiabatique de l'air. En effet, quand on souffle de l'air &#xE0; temp&#xE9;rature ambiante e non satur&#xE9;e en vapeur d'eau (si l'air est satur&#xE9;, son humidit&#xE9; relative est de 100%) et &#xE0; plus ou moins basse temp&#xE9;rature.

Les exp&#xE9;riences faites au laboratoire de m&#xE9;canique des fluides sur un montage de l'humidificateur nous ont permis de r&#xE9;duire la temp&#xE9;rature d'au moins 40c, ce qui est acceptable pour la climatisation.

Nous avons appliqu&#xE9; ce principe pour le calcul de la climatisation d'un local situ&#xE9; au quartier Kinindo-Ouest en recourant  &#xE0; la roue &#xE0; dessiccation qui aide dans la r&#xE9;duction de l'humidit&#xE9; relative, ce qui va nous permettre, gr&#xE2;ce &#xE0; l'humidification adiabatique, de cr&#xE9;er des conditions de confort dans la salle. Ainsi nos calculs montrent qu'avec ce proc&#xE9;d&#xE9;, on peut atteindre une temp&#xE9;rature de 230c avec une humidit&#xE9; relative de 60%.

Mots cl&#xE9;s

1.Couche d'Ozone
2.Fluide frigorig&#xE8;nes
3.Climatisation par &#xE9;vaporation
4.Humidificateur
5.Roue &#xE0; dessiccaion










</subfield>
  </datafield>
  <datafield tag="600" ind1=" " ind2=" ">
    <subfield code="2">BI-BuBU</subfield>
  </datafield>
  <datafield tag="610" ind1=" " ind2=" ">
    <subfield code="2">BI-BuBU</subfield>
  </datafield>
  <datafield tag="611" ind1=" " ind2=" ">
    <subfield code="2">BI-BuBU</subfield>
  </datafield>
  <datafield tag="648" ind1=" " ind2=" ">
    <subfield code="2">BI-BuBU</subfield>
  </datafield>
  <datafield tag="650" ind1=" " ind2="7">
    <subfield code="2">BI-BuBU</subfield>
    <subfield code="a">Fluide frigorig&#xE8;ne</subfield>
    <subfield code="x">Emploi</subfield>
    <subfield code="z">Kinindo-Ouest (Site)</subfield>
    <subfield code="z">Burundi</subfield>
  </datafield>
  <datafield tag="651" ind1=" " ind2=" ">
    <subfield code="2">BI-BuBU</subfield>
  </datafield>
  <datafield tag="654" ind1=" " ind2=" ">
    <subfield code="2">BI-BuBU</subfield>
  </datafield>
  <datafield tag="655" ind1=" " ind2="7">
    <subfield code="2">BI-BuBU</subfield>
    <subfield code="a">M&#xE9;moire</subfield>
  </datafield>
  <datafield tag="662" ind1=" " ind2=" ">
    <subfield code="2">BI-BuBU</subfield>
  </datafield>
  <datafield tag="690" ind1=" " ind2=" ">
    <subfield code="2">BI-BuBU</subfield>
  </datafield>
  <datafield tag="700" ind1="1" ind2=" ">
    <subfield code="4">dir.</subfield>
    <subfield code="a">Rurihose, Fid&#xE8;le</subfield>
  </datafield>
  <datafield tag="710" ind1="1" ind2=" ">
    <subfield code="4">aut.</subfield>
    <subfield code="a">Universit&#xE9; du Burundi</subfield>
    <subfield code="b">Facult&#xE9; des Sciences Appliqu&#xE9;es</subfield>
    <subfield code="b">D&#xE9;partement de G&#xE9;nie Electrom&#xE9;canique</subfield>
  </datafield>
  <datafield tag="942" ind1=" " ind2=" ">
    <subfield code="2">udc</subfield>
    <subfield code="c">MEM</subfield>
  </datafield>
  <datafield tag="999" ind1=" " ind2=" ">
    <subfield code="c">34332</subfield>
    <subfield code="d">34332</subfield>
  </datafield>
  <datafield tag="952" ind1=" " ind2=" ">
    <subfield code="0">0</subfield>
    <subfield code="1">0</subfield>
    <subfield code="2">udc</subfield>
    <subfield code="4">0</subfield>
    <subfield code="7">1</subfield>
    <subfield code="9">50824</subfield>
    <subfield code="b">BKIRIRI </subfield>
    <subfield code="d">2016-07-21</subfield>
    <subfield code="e">Don de l'auteur</subfield>
    <subfield code="l">0</subfield>
    <subfield code="o">621.573.NDA.ODR.2016</subfield>
    <subfield code="p">5010000133801</subfield>
    <subfield code="r">2016-07-21</subfield>
    <subfield code="t">1</subfield>
    <subfield code="w">2016-07-21</subfield>
    <subfield code="y">MEM</subfield>
    <subfield code="a">BKIRIRI </subfield>
  </datafield>
  <datafield tag="952" ind1=" " ind2=" ">
    <subfield code="0">0</subfield>
    <subfield code="1">0</subfield>
    <subfield code="2">udc</subfield>
    <subfield code="4">0</subfield>
    <subfield code="7">1</subfield>
    <subfield code="9">50911</subfield>
    <subfield code="b">BC</subfield>
    <subfield code="d">2016-07-27</subfield>
    <subfield code="e">Don de l' auteur</subfield>
    <subfield code="l">0</subfield>
    <subfield code="o">621.573.NDA. ODR. 2016</subfield>
    <subfield code="p">5010000207144</subfield>
    <subfield code="r">2016-07-27</subfield>
    <subfield code="t">1</subfield>
    <subfield code="w">2016-07-27</subfield>
    <subfield code="y">MEM</subfield>
    <subfield code="a">BC</subfield>
  </datafield>
</record>
